Sports Quiz

Random Sports or NBA Quiz

NBA Spelling Check Quiz Stats

 Plays Quiz not verified by Sporcle

Score 0/30 Timer 05:00
0 Plays Today
Question Answer Wrong Answers
Dirk Nowitzki
97.9%
Nowizki
0.7%
Dennis Schroder
97.6%
Shroder
1.3%
Andrea Bargnani
96.4%
Barnani
3.2%
Jonas Valanciunas
95.2%
Valancunas
4.6%
Amar'e Stoudemire
94.3%
Stoudemere
4.7%
Giannis Antetokounmpo
94.3%
Antetokuonmpo
5.7%
Nemanja Bjelica
90.9%
Belica
6.4%
Montrezl Harrell
89.5%
Harell
9%
Thabo Sefolosha
89.2%
Sefolosa
6.1%
Andre Iguodala
85.5%
Igoudala
14%
Pablo Prigioni
85.2%
Prigoni
13.5%
Christian Laettner
81.2%
Laetner
14.1%
Ian Mahinmi
80.2%
Mahimi
18.4%
Dave Debusschere
79%
Debuschere
19%
Joel Przybilla
78.9%
Przybila
16.2%
Donatas Motiejunas
76.3%
Motijunas
21.9%
Lawrence Funderburke
75%
Funderburk
20.2%
Chukwudiebere Maduabum
74.9%
Madubum
20.4%
Arvydas Macijauskas
72.4%
Maciauskas
23%
Wally Szczerbiak
69.7%
Szcerbiak
26.4%
Larry Krystkowiak
68.4%
Krystowiak
27.4%
Stan Pietkiewicz
67.6%
Pietkewicz
28.6%
Martynas Andriuskevicius
67%
Andriuskevicus
30.6%
Petur Gudmundsson
65.7%
Gudmundson
30.6%
Otto Schnellbacher
64.6%
Schnelbacher
32.9%
Kostas Papanikolaou
64.3%
Papanikolau
32.8%
Wesley Bialosuknia
61.7%
Bilosuknia
35%
Woody Sauldsberry
61.4%
Saulsberry
34.5%
Sarunas Jasikevicius
58.6%
Jasikivicius
38.7%
Vladimir Radmanovic
40.9%
Radamanovic
54.2%

You're not logged in!

Compare scores with friends on all Sporcle quizzes.
OR
Log In

You Might Also Like...

Show Comments

Extras

Top Quizzes Today


Score Distribution

Your Account Isn't Verified!

In order to create a playlist on Sporcle, you need to verify the email address you used during registration. Go to your Sporcle Settings to finish the process.

Report this User

Report this user for behavior that violates our Community Guidelines.

Details: